Don't Hug me I'm scared (Follow that line) Quiz Stats

 Plays Quiz not verified by Sporcle

Challenge
Share
Tweet
Embed
Score 0/271 Timer 12:00
1 Play Today
% Correct
what
92.4%
what
92.4%
you
91.6%
you
91.6%
you
91.6%
you
91.6%
you
91.6%
you
91.6%
you
91.6%
you
91.6%
you
91.6%
you
91.6%
creative
90.8%
creative
90.8%
creative
90.8%
creative
90.8%
creative
90.8%
creative
90.8%
is
89.6%
is
89.6%
do
87.6%
do
87.6%
to
87.3%
to
87.3%
to
87.3%
to
87.3%
to
87.3%
to
87.3%
to
87.3%
be
87.3%
to
87.3%
to
87.3%
to
87.3%
to
87.3%
to
87.3%
be
87.3%
your
86.1%
your
86.1%
your
86.1%
your
86.1%
your
86.1%
your
86.1%
get
85.3%
No
85.3%
get
85.3%
Get
85.3%
idea
84.1%
How
84.1%
idea
84.1%
how
84.1%
What's
83.7%
favorite
83.3%
not
83.3%
not
83.3%
favorite
83.3%
not
83.3%
Mine
82.1%
see
82.1%
see
82.1%
see
82.1%
see
82.1%
see
82.1%
see
82.1%
see
82.1%
see
82.1%
see
82.1%
being
81.7%
that
81.7%
think
81.7%
That
81.7%
Think
81.7%
that
81.7%
just
81.3%
orange
81.3%
me
81.3%
just
81.3%
orange
81.3%
me
81.3%
me
81.3%
the
80.9%
the
80.9%
the
80.9%
the
80.9%
the
80.9%
at
80.1%
at
80.1%
at
80.1%
at
80.1%
it
79.7%
it
79.7%
creatively
79.3%
% Correct
look
79.3%
this
79.3%
creatively
79.3%
look
79.3%
look
79.3%
in
78.9%
in
78.9%
Now
78.5%
Now
78.5%
now
78.5%
Now
78.5%
Tell
77.7%
boring
77.3%
boring
77.3%
It's
76.9%
but
76.1%
old
75.7%
Maybe
75.3%
when
74.9%
when
74.9%
face
73.3%
I
71.7%
I
71.7%
I
71.7%
I
71.7%
I
71.7%
I
71.7%
I
71.7%
I
71.7%
I
71.7%
I
71.7%
I
71.7%
I
71.7%
try
71.3%
on
70.9%
on
70.9%
on
70.9%
please
70.1%
silly
70.1%
smiling
70.1%
don't
70.1%
Don't
70.1%
a
69.7%
a
69.7%
Walking
69.7%
a
69.7%
a
69.7%
a
69.7%
a
69.7%
bat
69.7%
a
69.7%
a
69.7%
a
69.7%
a
69.7%
a
69.7%
a
69.7%
a
69.7%
a
69.7%
a
69.7%
Green
69.3%
Green
69.3%
can
68.9%
can
68.9%
can
68.9%
can
68.9%
can
68.9%
can
68.9%
frog
68.5%
thinking
68.1%
let
68.1%
mean
67.7%
cat
67.7%
log
67.7%
and
67.7%
and
67.7%
and
67.7%
baseball
67.3%
let's
67.3%
let's
67.3%
dog
66.9%
color
66.9%
Blue
66.9%
Red
66.9%
color
66.9%
my
66.5%
my
66.5%
my
66.5%
you're
66.1%
you're
66.1%
use
64.9%
use
64.9%
% Correct
ladder
64.9%
Wow
64.5%
take
64.5%
express
64.5%
express
64.5%
clouds
64.5%
take
64.5%
Wow
64.5%
So
64.1%
hair
63.7%
hair
63.7%
myself
63.7%
hair
63.7%
myself
63.7%
Go
63.3%
never
63.3%
leaning
62.9%
of
62.5%
of
62.5%
again
62.5%
with
62.2%
all
62.2%
hat
61.8%
man
61.8%
sounds
60.6%
agree
60.2%
sky
59.4%
time
59.4%
really
59%
getting
57.8%
clown
57.8%
need
57.4%
need
57.4%
have
57%
slow
57%
down
57%
sticks
57%
hang
56.6%
brain
56.6%
Cause
56.2%
there
56.2%
friend
56.2%
them
55%
another
54.6%
another
54.6%
Come
54.2%
paint
54.2%
Come
54.2%
into
53.8%
Listen
53.8%
heart
53.8%
listen
53.8%
rain
53.8%
Listen
53.8%
picture
53%
leaves
52.6%
good
52.2%
good
52.2%
some
51.8%
might
51.4%
might
51.4%
voices
51.4%
for
51%
arrange
51%
Oh
50.2%
Oh
50.2%
Using
49.4%
find
48.2%
collect
47.4%
Here's
47%
tip
45.8%
know
45.8%
creativity
45.8%
kid
44.6%
guys
44.2%
thing
43.8%
exciting
43%
around
42.6%
stare
42.2%
minds
41.8%
flow
41.4%
right
41%
one
41%
cool
39.8%
whiz
39%
more
38.6%
Before
38.2%
There's
36.7%
Yeah
29.1%

You're not logged in!

Compare scores with friends on all Sporcle quizzes.
OR
Log In

You Might Also Like...

Show Comments

Extras

Created Dec 29, 2015ReportNominate
Tags:Lyrics Quiz, hug, youtube

Top Quizzes Today


Score Distribution

Your Account Isn't Verified!

In order to create a playlist on Sporcle, you need to verify the email address you used during registration. Go to your Sporcle Settings to finish the process.

Report this User

Report this user for behavior that violates our Community Guidelines.

Details: